|
|
|
|
| LEADER |
00000naa2a2200000 4500 |
| 001 |
234936 |
| 005 |
20260211093528.0 |
| 035 |
|
|
|a (RuTPU)RU\TPU\book\256065
|
| 035 |
|
|
|a RU\TPU\book\256061
|
| 090 |
|
|
|a 234936
|
| 100 |
|
|
|a 20130402d2011 k y0rusy50 ca
|
| 101 |
0 |
|
|a rus
|
| 102 |
|
|
|a RU
|
| 135 |
|
|
|a drnn ---uucaa
|
| 181 |
|
0 |
|a i
|
| 182 |
|
0 |
|a b
|
| 200 |
1 |
|
|a Изучение явления акустической эмиссии при точечной сварке металлов
|f М. М. Чурилов
|g науч. рук. О. А. Сидуленко
|
| 203 |
|
|
|a Текст
|c электронный
|
| 225 |
1 |
|
|a Приборостроение
|
| 300 |
|
|
|a Заглавие с титульного экрана
|
| 320 |
|
|
|a [Библиогр.: с. 279 (2 назв.)]
|
| 337 |
|
|
|a Adobe Reader
|
| 461 |
|
1 |
|0 (RuTPU)RU\TPU\book\255301
|t Современные техника и технологии
|o сборник трудов XVII международной научно-практической конференции студентов, аспирантов и молодых ученых, Томск, 18-22 апреля 2011 г
|o в 3 т.
|f Национальный исследовательский Томский политехнический университет (ТПУ)
|d 2011
|
| 463 |
|
1 |
|0 (RuTPU)RU\TPU\book\255306
|t Т. 1
|v [С. 277-279]
|d 2011
|
| 610 |
1 |
|
|a труды учёных ТПУ
|
| 610 |
1 |
|
|a электронный ресурс
|
| 610 |
1 |
|
|a акустическая эмиссия
|
| 610 |
1 |
|
|a точечная сварка
|
| 610 |
1 |
|
|a сварной металл
|
| 610 |
1 |
|
|a изучение
|
| 700 |
|
1 |
|a Чурилов
|b М. М.
|
| 702 |
|
1 |
|a Сидуленко
|b О. А.
|c специалист в области неразрушающего контроля
|c профессор Томского политехнического университета, доктор технических наук
|f 1958-
|g Олег Анатольевич
|4 727
|
| 801 |
|
2 |
|a RU
|b 63413507
|c 20160124
|g RCR
|
| 856 |
4 |
|
|u http://www.lib.tpu.ru/fulltext/c/2011/C01/V01/138.pdf
|
| 942 |
|
|
|c CF
|